The plays of Aristophanes / (Record no. 21937)
[ view plain ]
| 000 -LEADER | |
|---|---|
| fixed length control field | 01504cam a22003251 4500 |
| 001 - CONTROL NUMBER | |
| control field | 21937 |
| 003 - CONTROL NUMBER IDENTIFIER | |
| rucl marc code | BD-RjUL |
| 005 - DATE AND TIME OF LATEST TRANSACTION | |
| control field | 20211209000740.0 |
| 008 - FIXED-LENGTH DATA ELEMENTS--GENERAL INFORMATION | |
| fixed length control field | 140306r19491909enk b 000 0 eng |
| 035 ## - SYSTEM CONTROL NUMBER | |
| System control number | (BD-RjUL) 22002 |
| System control number | (OCoLC)3723758 |
| 040 ## - CATALOGING SOURCE | |
| Original cataloging agency | DLC |
| Transcribing agency | NcRS |
| Modifying agency | NcRS |
| -- | DLC |
| -- | BD-RjUL |
| Language of cataloging | eng |
| 041 ## - LANGUAGE CODE | |
| Language code of text/sound track or separate title | eng |
| 082 ## - DEWEY DECIMAL CLASSIFICATION NUMBER | |
| Classification number | 882.4 |
| Author mark and year | ARP V-1 1949 |
| 100 1# - MAIN ENTRY--PERSONAL NAME | |
| Personal name | Aristophanes. |
| 9 (RLIN) | 67726 |
| 245 14 - TITLE STATEMENT | |
| Title | The plays of Aristophanes / |
| Remainder of title | [by] Aristophanes, founded by J. M. Dent and edited by Ernest Rhys. |
| Number of part/section of a work | Volume One |
| 260 ## - PUBLICATION, DISTRIBUTION, ETC. (IMPRINT) | |
| Place of publication, distribution, etc. | London ; |
| -- | New York : |
| Name of publisher, distributor, etc. | Dent ; |
| -- | Dutton, |
| Date of publication, distribution, etc. | [Reprinted 1949]. |
| 300 ## - PHYSICAL DESCRIPTION | |
| Pagination | 2 v. ; |
| Size | 18 cm. |
| 490 0# - SERIES STATEMENT | |
| Series statement | Everyman's library. Classical |
| Volume/sequential designation | [344, 516] |
| 500 ## - GENERAL NOTE | |
| General note | Reprint of two earlier volumes, The Acharnians and two other plays of Aristophanes, tr. by J. Hookham Frere (London, 1909) and The frogs and three other plays of Aristophanes, tr. by Frere, Hickie, Mitchell and Cumberland (London, 1911) here issued together with general t.-p., as one work. |
| General note | Introduction, v. 1, by John P. Maine, v. 2, by John Hookham Frere. |
| 504 ## - BIBLIOGRAPHY, ETC. NOTE | |
| Bibliography, etc | Includes bibliography: v. 1, p. xii (repeated, v. 2, p. xlii) |
| 505 0# - FORMATTED CONTENTS NOTE | |
| Formatted contents note | I. The Acharnians. The knights. The birds. The peace.--II. The frogs. The trial of Euripides, "The Thesmophorians." The clouds. The wasps. |
| 600 00 - SUBJECT ADDED ENTRY--PERSONAL NAME | |
| Personal name | Aristophanes |
| 651 #0 - SUBJECT ADDED ENTRY--GEOGRAPHIC NAME | |
| Geographic name | Athens (Greece) |
| Form subdivision | Drama. |
| 9 (RLIN) | 58572 |
| 942 ## - ADDED ENTRY ELEMENTS (KOHA) | |
| Source of classification or shelving scheme | Dewey Decimal Classification |
| Koha item type | Books |
| Lost status | Source of classification or shelving scheme | Damaged status | Not for loan | Collection code | Permanent Location | Current Location | Shelving location | Date acquired | Source of acquisition | Cost, normal purchase price | Total Checkouts | Full call number | Date last seen | Copy number | Koha item type |
|---|---|---|---|---|---|---|---|---|---|---|---|---|---|---|---|
| Dewey Decimal Classification | Added to bundle | Fiction | Central Library, University of Rajshahi | Central Library, University of Rajshahi | Reading Room | 16/09/1955 | B. H. Bluckwell | 55.00 | 882.4 ARP V-1 1949 | 06/03/2014 | C-1 | Books |